Návrh zdokonalenia skladovacích procesov v podniku Coopbox Eastern, s.r.o. Nové Mesto nad Váhom = The proposal on improvement of storage processes in the company Coopbox Eastern, s.r.o. Nové Mesto nad Váhom : Diplomová práca
Saved in:
| Main Author: | |
|---|---|
| Other Authors: | |
| Format: | Manuscript Book |
| Language: | Slovak |
| Published: |
Trnava :
STU v Bratislave MtF KPIM,
2007
|
| Subjects: | |
| Tags: |
No Tags, Be the first to tag this record!
|
MARC
| LEADER | 00000ntm a22000003a 4500 | ||
|---|---|---|---|
| 001 | stu144999 | ||
| 005 | 20200921112857.8 | ||
| 008 | 070907s2007----xo------------------slo-d | ||
| 040 | |a STU |b slo | ||
| 041 | 0 | |a slo | |
| 044 | |a xo | ||
| 100 | 1 | |a Mlčúchová, Martina |4 aut | |
| 245 | 1 | |a Návrh zdokonalenia skladovacích procesov v podniku Coopbox Eastern, s.r.o. Nové Mesto nad Váhom = The proposal on improvement of storage processes in the company Coopbox Eastern, s.r.o. Nové Mesto nad Váhom : |b Diplomová práca | |
| 260 | |a Trnava : |b STU v Bratislave MtF KPIM, |c 2007 | ||
| 300 | |a 67 s |c príl., 1 CD-ROM | ||
| 500 | |a Program: priemyselné manažérstvo | ||
| 650 | 7 | |a logistika |2 stusub | |
| 650 | 7 | |a materiálový tok |2 stusub | |
| 650 | 7 | |a skladovacie operácie |2 stusub | |
| 700 | 1 | |a Bilčík, Alexander, |d 1969- |4 ths |u M220 |U MTF Ústav inžinierskej pedagogiky a humatitných vied |T MTF Katedra inžinierskej pedagogiky a psychológie |X 3651 |U M220 |Y M220 |7 A000003651 | |
| 996 | |b 284M065835 |c M*DP-6879 |l MMSKP |s P |a 0 |w stu144999_0001 | ||